000 00326nam a22001337a 4500
999 _c12176
_d12176
020 _a9789352834402
082 _a530.141
100 _aS R Manohara
245 _aElectricity Magnetism and Electromagnetic Theory
260 _aNew Delhi
_bS.Chand
_c2018
300 _a428
650 _aElectrical Engineering
942 _cBK